Učitavanje...
Cambridge companion to Charles Dickens /
| Daljnji autori: | |
|---|---|
| Jezik: | Undetermined |
| Izdano: |
U. K. :
Cambridge University Press ,
2001.
|
| Teme: |
| LEADER | 00533nam a2200157Ia 4500 | ||
|---|---|---|---|
| 001 | 134159 | ||
| 008 | 170722s9999 xx 000 0 und d | ||
| 020 | |a 0521669642 | ||
| 245 | |a Cambridge companion to Charles Dickens / | ||
| 260 | |a U. K. : |b Cambridge University Press , |c 2001. | ||
| 300 | |a xxi+235 | ||
| 653 | |a English Novel | ||
| 700 | |a Jordan , John O. |e editor. | ||
| 942 | |c GEN | ||
| 999 | |c 123800 |d 123800 | ||
| 952 | |0 0 |1 0 |4 0 |6 O_3M12G_P1 |7 0 |9 174935 |a LIB |b LIB |d 2017-08-12 |l 3 |o O-,3M12:g P1 |p 243310 |r 2019-01-05 |s 2018-11-29 |v 695.00 |w 2017-08-12 |y GEN | ||